Drag Me Down - One Direction (All Lyrics) - Statistics

General Stats
  • This quiz has been taken 541 times
    528 since last reset
  • The average score is 310 of 355
Answer Stats
Answer % Correct
a
100%
I
99%
no
99%
the
98%
The
98%
you
98%
You
98%
me
97%
not
95%
so
95%
down
94%
drag
94%
got
94%
my
94%
nobody
94%
Nobody
94%
your
94%
be
93%
can
93%
fire
92%
heart
92%
I'm
92%
I've
92%
never
92%
of
92%
All
91%
for
91%
see
91%
dark
90%
easy
90%
life
89%
by
88%
look
88%
baby
87%
Baby
87%
scared
87%
one
86%
you're
86%
only
85%
reason
84%
And
83%
else
83%
If
83%
can't
82%
have
82%
stood
82%
sun
82%
behind
81%
soul
81%
ever
80%
it
80%
love
80%
nothing
79%
was
79%
When
79%
these
78%
to
78%
With
78%
who
77%
left
76%
they
76%
didn't
75%
lights
75%
river
75%
blind
74%
how
71%
someone
70%
would
70%
best
69%
there
69%
yeah
69%
could
65%
man
65%
You've
65%
seen
64%
his
63%
I'd
61%
taught
61%
boat
60%
shell
52%
No matching quizzes found
Score Distribution
Percent of People with Each Score
Percentile by Number Answered
Your Score History
You have not taken this quiz since the last reset